| 000 | 01068nam a22002897a 4500 | ||
|---|---|---|---|
| 003 | OSt | ||
| 005 | 20260210150001.0 | ||
| 007 | a | ||
| 008 | 260210b |||||||| |||| 00| 0 eng d | ||
| 022 | _a2467-5156 | ||
| 040 |
_aFoundation University _beng _cFoundation University _dFULib _erda |
||
| 050 |
_aHF 4055 _b.B87 |
||
| 245 | 0 | 0 | _aLPU-Laguna journal of business and accountancy. |
| 260 |
_aLaguna : _b[Publisher not identified], _c2021- |
||
| 264 | _42021- | ||
| 300 |
_3resource _a114 pages : _billustrations ; _c29 cm. _fvolume. |
||
| 336 |
_2rdacontent _atext _btxt |
||
| 337 |
_2rdamedia _aunmediated _bn |
||
| 338 |
_2rdacarrier _3resource _avolume _bnc |
||
| 500 | _aTitle form the cover page. | ||
| 504 | _aIncludes bibliographical references. | ||
| 650 |
_2LC _aBusiness _vPeriodicals. _914746 |
||
| 650 |
_2LC _aAccounting _vPeriodicals. _914747 |
||
| 658 |
_aAccountancy, Bachelor of Science in : _bFinancial Management ; _cACY208 |
||
| 710 |
_aOfficial Publication of LPU-Laguna. _914748 |
||
| 942 |
_2lcc _cPERIODICAL _hHF 4055 _i.B87 _k(CBA-Acct.-P) _n0 _s1 |
||
| 999 |
_c5556 _d5556 |
||